000 00824nam a2200229Ii 4500
003 JO-AjNU
008 230605s9999||||xx |||||||||||||| ||und||
017 _a2016/26721
020 _a978-977-429-381-0
040 _aJO-AjNU
_bara
_erda
_cJO-AjNU
041 _aara
050 1 4 _aPJ6161.J3 2017
100 3 _aالجارم، علي تأليف، مصطفى أمين م. مشارك,
_eauthor
_958555
245 0 0 _aالبلاغة الواضحة: البيان والمعاني والبديع
250 _aطبعة جديدة
264 3 1 _aالقاهرة: دار التقوى للطبع والنشر والتوزيع، 2017
300 _a384ص
336 _atext
_btxt
_2rdacontent
337 _aunmediated
_bn
_2rdamedia
338 _avolume
_bnc
_2rdacarrier
650 4 _a اللغة العربية - بلاغة
_958556
999 _aA26301
_c29869
_d29869